000
00285nam a22001217a 4500
008
210302b ||||| |||| 00| 0 eng d
041
_a
eng
080
_a
94
100
_a
16
101
_a
SHH
245
_a
Modern Perspectives in Western Art History
_c
Kleinbauer,E.W
942
_2
udc
_c
BK
999
_c
55475
_d
55475